Mastering microsoft windows vista home : Premium and basic
Configure, run, and troubleshoot Windows Vista Home Premium or Windows Vista Home Basic with the detailed coverage you’ll find in this comprehensive guide. With a task-based approach and clear instructions, this book helps you become an advanced user of Windows Vista—even if you’re just starting out...
Guardado en:
| Autor principal: | |
|---|---|
| Formato: | Libro |
| Lenguaje: | Undetermined |
| Publicado: |
Indianapolis
Wiley Pub.
2007
|
| Materias: | |
| Etiquetas: |
Agregar Etiqueta
Sin Etiquetas, Sea el primero en etiquetar este registro!
|
| Thư viện lưu trữ: | Trung tâm Học liệu Trường Đại học Cần Thơ |
|---|
| LEADER | 01129nam a2200217Ia 4500 | ||
|---|---|---|---|
| 001 | CTU_157144 | ||
| 008 | 210402s9999 xx 000 0 und d | ||
| 020 | |c 29.69 | ||
| 082 | |a 005.446 | ||
| 082 | |b H325 | ||
| 100 | |a Hart-Davis, Guy | ||
| 245 | 0 | |a Mastering microsoft windows vista home : | |
| 245 | 0 | |b Premium and basic | |
| 245 | 0 | |c Guy Hart-Davis | |
| 260 | |a Indianapolis | ||
| 260 | |b Wiley Pub. | ||
| 260 | |c 2007 | ||
| 520 | |a Configure, run, and troubleshoot Windows Vista Home Premium or Windows Vista Home Basic with the detailed coverage you’ll find in this comprehensive guide. With a task-based approach and clear instructions, this book helps you become an advanced user of Windows Vista—even if you’re just starting out. From administering your computer and surfing the Web securely to advanced maneuvers such as creating your own movies and burning DVDs, you’ll find what you need to master the powerful features of Windows Vista. | ||
| 650 | |a Operating systems (Computers),Hệ điều hành ( máy tính ) | ||
| 904 | |i QHieu | ||
| 980 | |a Trung tâm Học liệu Trường Đại học Cần Thơ | ||